000
00250nam a2200097Ia 4500
008
231107s2003 xx 000 0 und d
041
_a
eng
100
_a
Taylor L.
245
_a
Design & Decorate Living Rooms
260
_a
London
_b
New Holland pub.
_c
2003
999
_c
925897
_d
925897